| 000 | 00439nam a2200181Ia 4500 | ||
|---|---|---|---|
| 008 | 240510s9999 xx 000 0 und d | ||
| 041 | _aEng | ||
| 082 | _a519.226 | ||
| 082 | _bD21 | ||
| 100 | _aEDWARDS, Ward, TVERSKY, Amos (ED) | ||
| 245 | 0 | _aDecision making : selected readings | |
| 260 | _bMiddlesex : penguin | ||
| 260 | _c1967 | ||
| 300 | _a412 p. | ||
| 650 | _aDecision making : statistics | ||
| 942 | _2ddc | ||
| 942 | _cLBK | ||
| 999 |
_c23571 _d23571 |
||
| 945 |
_a1 _bMadushi Gamage _c1 _dMadushi Gamage |
||